| 000 | 01241nam0a2200301 4500 | ||
|---|---|---|---|
| 001 | RU\NLR\bibl\1246440 | ||
| 005 | 20260407064508.0 | ||
| 010 |
_a978-5-09-019261-3 _940000 |
||
| 021 |
_aRU _b2008-34249 _91884 |
||
| 035 | _a(NLR Aleph) 001232592 | ||
| 090 |
_a207970 _c207970 |
||
| 100 | _a20080626d2008 |||y0rusy50 ca | ||
| 101 | 0 | _arus | |
| 102 | _aRU | ||
| 105 | _aac ||||||||| | ||
| 200 | 1 |
_aФизика _eучебник для 9 класса общеобразовательных учреждений _fС.В. Громов, Н.А. Родина |
|
| 205 | _a9-е изд. | ||
| 210 |
_aМосква _cПросвещение _d2008 |
||
| 215 |
_a159, [1] с. _cил., цв. ил., портр. _d22 |
||
| 606 | 1 |
_aФизика _jУчебники для средней школы _9898198 _3RU\NLR\auth\665898 |
|
| 686 | _aВ3я721-1 | ||
| 700 | 1 |
_4070 _8rus _7ca _aГромов _bС. В. _cавт. уч. по физике _f1957-2000 _gСергей Васильевич _3RU\NLR\auth\7714712 _9124380 |
|
| 701 | 1 |
_4070 _8rus _7ca _aРодина _bН. А. _gНадежда Александровна _3RU\NLR\auth\773654 _9113647 |
|
| 801 | 0 |
_aRU _bNLR _c20061221 _gRCR |
|
| 801 | 1 |
_aRU _bNLR _c20061221 |
|
| 942 | _cBOOK | ||
| 980 | _aNB | ||